• 首页
  • 本馆介绍
  • 公告通知
  • 最新文献
  • 馆藏检索
  • 电子资源
  • 读者导购
  • 参考咨询
  • 我的图书馆
  • 登录
  • 详细信息显示
  • 放入我的书架
  • 预约/预借图书
  • 作者相关作品
  • 分类相关作品
  • 丛书相关作品
  • 出版社相关作品

书目信息

  • 表格格式
  • 工作单格式
  • 卡片格式
题名:
化学
    
 
作者: 艾华 编
分册:  
出版信息: 北京   中国物价出版社  1996
页数: 498页
开本: 20cm
丛书名: 九年义务教育初中同步自学指导与训练丛书
单 册:
中图分类: G633.83
科图分类:
主题词: 教育--各级
电子资源:
ISBN: 80-00-70620-2
000 00669nam0 2200229 450
001 0637338609
005 20061011163324.96
010    @a80-00-70620-2@dCNY13.95
100    @a20061010d1996 km y0chiy0120 ea
101 0  @achi
102    @aCN@b110000
200 1  @a化学@Ahua xue@e初三全年@f艾华编@Fai hua bian
210    @a北京@c中国物价出版社@d1996
215    @a498页@d20cm
225 2  @a九年义务教育初中同步自学指导与训练丛书
410  0 @12001 @a九年义务教育初中同步自学指导与训练丛书
517 1  @a初三全年@Achu san quan nian
606 0  @a教育@x各级
690    @aG633.83@v3
701  0 @a艾华@Aai hua@4编
801  0 @aCN@bPFT@c20061011
905    @a10447@dG633.83@e249
    
    化学:初三全年/艾华编.-北京:中国物价出版社,1996
    498页;20cm.-(九年义务教育初中同步自学指导与训练丛书)
    
    
    ISBN 80-00-70620-2:CNY13.95
    
●
相关链接 在E读中查询图书 在五车中查询图书 在当当中查询图书 在豆瓣中查询图书


正题名:化学     索取号:G633.83/249         预约/预借

序号 登录号 条形码 馆藏地/架位号 状态 备注
1 0494439   204944392   密集书库/ [索取号:G633.83/249] 在馆    
唐山师范学院图书馆 欢迎您!
大连网信软件有限公司© 版权所有